Research and design for fashion / (Record no. 167921)

MARC details
000 -LEADER
fixed length control field 00893cam a2200289 i 4500
008 - FIXED-LENGTH DATA ELEMENTS--GENERAL INFORMATION
fixed length control field
020 ## - INTERNATIONAL STANDARD BOOK NUMBER
International Standard Book Number 9781474246361 (pbk.)
049 ## - LOCAL HOLDINGS (OCLC)
Holding library MAIN
050 00 - LIBRARY OF CONGRESS CALL NUMBER
Classification number TT507
Item number SEI
003 - CONTROL NUMBER IDENTIFIER
control field
005 - DATE AND TIME OF LATEST TRANSACTION
control field 20230123141119.0
040 ## - CATALOGING SOURCE
Transcribing agency NUST
100 1# - MAIN ENTRY--PERSONAL NAME
Personal name Seivewright, Simon.
245 10 - TITLE STATEMENT
Title Research and design for fashion /
Statement of responsibility, etc. Simon Seivewright and Richard Sorger.
250 ## - EDITION STATEMENT
Edition statement 3rd ed.
260 ## - PUBLICATION, DISTRIBUTION, ETC.
Place of publication, distribution, etc. London, UK ;
-- New York, USA :
Name of publisher, distributor, etc. Fairchild Books,
Date of publication, distribution, etc. 2017.
300 ## - PHYSICAL DESCRIPTION
Extent v, 192 pages :
Other physical details ill. : (some col.) ;
Dimensions 23 cm.
490 0# - SERIES STATEMENT
Series statement Basics fasion design
504 ## - BIBLIOGRAPHY, ETC. NOTE
Bibliography, etc. note Includes bibliographical references.
500 ## - GENERAL NOTE
General note Includes index.
650 #0 - SUBJECT ADDED ENTRY--TOPICAL TERM
Topical term or geographic name entry element Fashion design.
650 #0 - SUBJECT ADDED ENTRY--TOPICAL TERM
Topical term or geographic name entry element Fashion design
General subdivision Study and teaching.
650 #7 - SUBJECT ADDED ENTRY--TOPICAL TERM
Topical term or geographic name entry element DESIGN / Fashion.
Source of heading or term bisacsh
700 1# - ADDED ENTRY--PERSONAL NAME
Personal name Sorger, Richard.
907 ## - LOCAL DATA ELEMENT G, LDG (RLIN)
a .b10391770
b 07-09-18
c 05-09-18
942 ## - ADDED ENTRY ELEMENTS (KOHA)
Koha item type Ordinary Loan Books
Holdings
Date last seen Total Checkouts Full call number Barcode Cost, replacement price Price effective from Koha item type Lost status Source of classification or shelving scheme Damaged status Not for loan Collection Withdrawn status Home library Current library Shelving location Date acquired Cost, normal purchase price
01/23/2023   TT507 SEI 92004045388 80.00 01/23/2023 BOOKS   LCC     NFIC   MAIN MAIN GEN 01/23/2023 80.00